书目信息 |
| 题名: |
狂热行销52
|
|
| 作者: | 赵树钢 著 | |
| 分册: | ||
| 出版信息: | 海口 海南出版社 2002.12 |
|
| 页数: | 226页, [3] 页图版 | |
| 开本: | 21cm | |
| 丛书名: | ||
| 单 册: | ||
| 中图分类: | F713.50 | |
| 科图分类: | ||
| 主题词: | 市场营销学--shi chang ying xiao xue | |
| 电子资源: | ||
| ISBN: | 7-5443-0613-5 | |
| 000 | 00882nam0 2200241 450 | |
| 001 | 012008609296 | |
| 005 | 20080423202810.78 | |
| 010 | @a7-5443-0613-5@dCNY18.00 | |
| 100 | @a20080423d2002 km y0chiy0120 ea | |
| 101 | 0 | @achi |
| 102 | @aCN@b460000 | |
| 105 | @aaf z 000yy | |
| 106 | @ar | |
| 200 | 1 | @a狂热行销52@Akuang re xing xiao 52@e赚钱一定有方法@f赵树钢著@Fzhao shu gang zhu |
| 210 | @a海口@c海南出版社@d2002.12 | |
| 215 | @a226页, [3] 页图版@c图@d21cm | |
| 330 | @a本书介绍了最有效的行销突破52种实战方法,分为六篇,包括行销观念的突破、行销行为的突破、行销抗拒的突破、行销创意的突破、广泛行销的突破、倍增行销的突破。 | |
| 517 | 1 | @a赚钱一定有方法@Azhuan qian yi ding you fang fa |
| 606 | 0 | @a市场营销学@Ashi chang ying xiao xue |
| 690 | @aF713.50@v4 | |
| 701 | 0 | @a赵树钢@Azhao shu gang@4著 |
| 801 | 0 | @aCN@bQSSK@c20080423 |
| 905 | @b20702745-46@dF713.50@eZ321@f2 | |
| 狂热行销52:赚钱一定有方法/赵树钢著.-海口:海南出版社,2002.12 |
| 226页, [3] 页图版:图;21cm |
| ISBN 7-5443-0613-5:CNY18.00 |
| 本书介绍了最有效的行销突破52种实战方法,分为六篇,包括行销观念的突破、行销行为的突破、行销抗拒的突破、行销创意的突破、广泛行销的突破、倍增行销的突破。 |
| ● |
| 相关链接 |
|
|
|
正题名:狂热行销52
索取号:F713.50/Z321
 
预约/预借
| 序号 | 登录号 | 条形码 | 馆藏地/架位号 | 状态 | 备注 |
| 1 | 702745 | 207027457 | 社科库409/409社科库 44排1列3层/ [索取号:F713.50/Z321] | 在馆 | |
| 2 | 702746 | 207027466 | 社科库409/409社科库 44排1列3层/ [索取号:F713.50/Z321] | 在馆 |